Städte in Baden-Württemberg - Sudden Death - Statistiken

Allgemein
  • Dieses Quiz wurde 480 mal gespielt
  • Das Durchschnittsergebnis liegt bei 13 aus 25
Answers on the Grid
Answers color-coded by a green-red scale on the quiz's grid according to % correct below.
Mannheim
Landau
Darmstadt
Ulm
Würzburg
Konstanz
Basel
Ludwigshafen
Göttingen
Tübingen
Pforzheim
Straßburg
Sinsheim
Worms
Schwäbisch Hall
Memmingen
Speyer
Wangen
Ravensburg
Lindau
Sonthofen
Rottenburg
Nordhausen
Bad Mergentheim
Waiblingen
Ratingen
Hattingen
Sindelfingen
Freiburg
Bruchsal
Leonberg
Aschaffenburg
Wertheim
Mosbach
Ansbach
Unterhaching
Wiesloch
Pirmasens
Schwetzingen
Sankt Gallen
Weinheim
Filderstadt
Crailsheim
Füssen
Neu-Ulm
Weingarten
Kempten
Villingen-Schwenningen
Schaffhausen
Bregenz
 
Antwortstatistiken
Antwort % Korrekt
Mannheim
93%
Ulm
77%
Konstanz
67%
Tübingen
67%
Sinsheim
62%
Pforzheim
61%
Ravensburg
57%
Schwäbisch Hall
57%
Freiburg
55%
Waiblingen
54%
Leonberg
49%
Sindelfingen
49%
Villingen-Schwenningen
48%
Crailsheim
46%
Bruchsal
42%
Filderstadt
42%
Mosbach
39%
Rottenburg
39%
Weingarten
39%
Wangen
37%
Wiesloch
37%
Bad Mergentheim
36%
Schwetzingen
36%
Weinheim
36%
Wertheim
31%
Keine übereinstimmenden Quizze gefunden
Verteilung der Resultate
Anzahl Personen mit jedem Resultat
Perzentil nach korrekt beantworteten Fragen
Ihre Resultats-Entwicklung
Sie haben dieses Quiz noch nicht gespielt